000
00295nam a2200109Ia 4500
008
171211s9999 xx 000 0 und d
245
_a
Droid 2 For Dummies
245
_c
Dan Gookin
260
_c
2010
650
_x
IT eBOOKS
856
_u
http://down.ebook777.com/020/Droid%202%20For%20Dummies.pdf
999
_c
349872
_d
349872